| 000 | 00417nam a2200145Ia 4500 | ||
|---|---|---|---|
| 008 | 230917s9999||||xx |||||||||||||| ||und|| | ||
| 040 |
_e202456 _aMAIN |
||
| 041 | _aEnglish | ||
| 082 | _a581.2 B325L | ||
| 100 | _aBaudoin, A B A M | ||
| 245 | 0 | _aLaboratory exercises in plant pathology: An instructional kit (Student's exercise) | |
| 260 |
_aJodhpur _bScientific Publishers _c2011 |
||
| 300 | _av. p. | ||
| 942 | _cBK | ||
| 999 |
_c163630 _d163630 |
||